| 000 | 01360cab a2200253 4500 | ||
|---|---|---|---|
| 001 | ABS57450 | ||
| 008 | 090401t1997 xxu||||| |||| 00| 0 eng d | ||
| 035 | _a(Sirsi) u80419 | ||
| 041 | _aeng | ||
| 245 | _aMarsh v Powys CC | ||
| 260 | _c1997 | ||
| 350 | _a0 | ||
| 490 |
_aEstates Gazette _v[1997] 33 EG 100-103(4) |
||
| 520 | _aLT 24 April 1997. Powys CC built a primary school in the vicinity of the claimant`s dwelling-house. The claimant wants compensation under the Land Compensation Act 1973 Part 1 in respect of the depreciation in value of their property. A preliminary issue of law was ordered to be heard as to whether compensation is payable under Part 1 of the Act in circumstances where the value of interest in land is depreciated by physical factors caused by the use of a primary school provided and used by the local education authority. Land Compensation Act 1973 s1(6) protects any public works from nuisance action. A claim for compensation could not be maintained. | ||
| 650 | _aCOMPENSATION | ||
| 650 | _aDEPRECIATION IN VALUE | ||
| 650 | _aLAND COMPENSATION ACT 1973 PART 1 | ||
| 650 | _aMARSH V POWYS CC | ||
| 650 | _aPHYSICAL FACTORS | ||
| 650 | _aPRIMARY SCHOOL | ||
| 690 | _aENVIRONMENTAL AND LAND CONSULTANCY-PLANNING AND DEVELOPMENT-COMPULSORY PURCHASE AND COMPENSATION | ||
| 942 | _n0 | ||
| 948 | _c21/08/1997 | ||
| 999 |
_c50641 _d50641 |
||